Größte Städte in Hessen 2021 - Statistiken

Allgemein
  • Dieses Quiz wurde 211 mal gespielt
  • Das Durchschnittsergebnis liegt bei 12 aus 20
Antwortstatistiken
Einwohner Stadt % Korrekt
764.104 Frankfurt am Main
100%
278.609 Wiesbaden
100%
201.048 Kassel
97%
159.174 Darmstadt
93%
90.131 Gießen
90%
130.892 Offenbach am Main
90%
67.980 Fulda
88%
97.137 Hanau
86%
76.401 Marburg
82%
65.972 Rüsselsheim am Main
64%
54.092 Bad Homburg vor der Höhe
58%
53.188 Wetzlar
58%
41.996 Dreieich
32%
38.524 Langen (Hessen)
32%
46.678 Oberursel (Taunus)
31%
40.791 Bensheim
29%
46.005 Rodgau
29%
38.204 Neu-Isenburg
28%
39.905 Hofheim am Taunus
27%
39.307 Maintal
24%
Keine übereinstimmenden Quizze gefunden
Verteilung der Resultate
Anzahl Personen mit jedem Resultat
Perzentil nach korrekt beantworteten Fragen
Ihre Resultats-Entwicklung
Sie haben dieses Quiz noch nicht gespielt